Ajuste monetario de estados contables (Registro nro. 1837)
[ vista simple ]
| 000 -LEADER | |
|---|---|
| fixed length control field | 01076 a2200193 4500 |
| 001 - CONTROL NUMBER | |
| control field | 29287 |
| 005 - DATE AND TIME OF LATEST TRANSACTION | |
| control field | 20260407155602.0 |
| 008 - FIXED-LENGTH DATA ELEMENTS--GENERAL INFORMATION | |
| fixed length control field | 260407a1981 arg spa d |
| 003 - CONTROL NUMBER IDENTIFIER | |
| control field | AR-UNSa-BCEJYS |
| 040 ## - CATALOGING SOURCE | |
| Original cataloging agency | AR-UNSa-BCEJYS |
| Language of cataloging | spa |
| Transcribing agency | AR-UNSa-BCEJYS |
| 080 ## - UNIVERSAL DECIMAL CLASSIFICATION NUMBER | |
| Universal Decimal Classification number | 657.23 |
| Common auxiliary subdivision | Compensaciones. Correcciones. Ajustes (devaluación monetaria) |
| 100 1# - MAIN ENTRY--PERSONAL NAME | |
| Personal name | Cholvis, Francisco |
| 245 10 - TITLE STATEMENT | |
| Title | Ajuste monetario de estados contables |
| 264 #1 - PRODUCTION, PUBLICATION, DISTRIBUTION, MANUFACTURE, AND COPYRIGHT NOTICE | |
| Place of production, publication, distribution, manufacture | Buenos Aires : |
| Name of producer, publisher, distributor, manufacturer | El Ateneo |
| Date of production, publication, distribution, manufacture, or copyright notice | 1981 |
| 300 ## - PHYSICAL DESCRIPTION | |
| Extent | 292 p. |
| Dimensions | 23 cm. |
| 505 ## - FORMATTED CONTENTS NOTE | |
| Formatted contents note | 1. Efectos de la inflación sobre los estados contables - 2. El ajuste monetario de los estados contables - 3. Un caso sencillo - 4. Ajuste de los bienes de cambio - 5. Ajuste de los bienes de uso - 6. Ajuste de las cuentas en moneda extranjera - 7. Ajustes varios - 8. Ajustes de las cuentas del patrimonio neto - 9. Ajuste de las cuentas de resultado - 10. Un caso mas complicado - 11. El metodo simplificado - 12. Presentación de los estados contables ajustados - 13. Ajuste impositivo por inflación. |
| 590 ## - LOCAL NOTE (RLIN) | |
| Local note | niveau_biblio:m niveau_hierar:0 |
| 942 ## - ADDED ENTRY ELEMENTS (KOHA) | |
| Koha item type | |
| Withdrawn status | Lost status | Damaged status | Not for loan | Home library | Current library | Shelving location | Date acquired | Total checkouts | Full call number | Barcode | Date last seen | Price effective from | Koha item type |
|---|---|---|---|---|---|---|---|---|---|---|---|---|---|
| Biblioteca Prof. Eusebio Cleto del Rey | Biblioteca Prof. Eusebio Cleto del Rey | 07/04/2026 | 657.23 C547 | L33861 | 07/04/2026 | 07/04/2026 | Libro |